[Event "One more"]
[Site "http://www.queenalice.com/game.php?id=528932"]
[Date "2009.1.24"]
[Round "-"]
[White "Hykgs"]
[Black "NikaZ"]
[Result "1/2-1/2"]
[WhiteElo "1597"]
[BlackElo "1633"]

1. e4 e6 2. d4 d5 3. Nd2 Nf6 4. e5 Nfd7 5. Ngf3 c5 6. c3 Nc6 7. Be2 Qb6 8. Nb3
cxd4 9. cxd4 Bb4+ 10. Bd2 Bxd2+ 11. Qxd2 O-O 12. O-O h6 13. Rac1 Qb4 14. Qxb4
Nxb4 15. a3 Nc6 16. h3 f6 17. Bb5 fxe5 18. Bxc6 bxc6 19. Rxc6 exd4 20. Nfxd4 Ne5
21. Rc2 Re8 22. Nc5 Nd7 23. Ncxe6 Rb8 24. Nc7 Re4 25. Rd1 Nb6 26. Ncb5 1/2-1/2

[Event "Let's Play Chess!"]
[Site "http://www.queenalice.com/game.php?id=529664"]
[Date "2009.1.26"]
[Round "-"]
[White "Possible43"]
[Black "Hykgs"]
[Result "1/2-1/2"]
[WhiteElo "1886"]
[BlackElo "1599"]

1. d4 Nf6 2. g3 g6 3. Bg2 Bg7 4. Nf3 d5 5. O-O O-O 6. Nbd2 c5 7. c3 Nc6 8. Re1
Re8 9. e4 dxe4 10. Nxe4 Nxe4 11. Rxe4 cxd4 12. cxd4 Bf5 13. Re2 Nxd4 14. Nxd4
Bxd4 15. Rd2 e5 16. h3 Rb8 17. g4 Be6 18. a3 Qb6 19. Rb1 Rbd8 20. b4 Ba2 21.
Rbb2 Bxb2 22. Bxb2 Rxd2 23. Qxd2 Bb3 24. h4 Qc7 1/2-1/2

[Event "Challenge"]
[Site "http://www.queenalice.com/game.php?id=531464"]
[Date "2009.1.29"]
[Round "-"]
[White "Banff"]
[Black "Hykgs"]
[Result "0-1"]
[WhiteElo "1476"]
[BlackElo "1624"]

1. e4 e6 2. a3 d5 3. exd5 exd5 4. d4 Nf6 5. f4 Be7 6. Nf3 O-O 7. b4 b6 8. c3 c5
9. b5 cxd4 10. Nxd4 Bb7 11. g3 Re8 12. Be2 Nbd7 13. a4 Nc5 14. Ba3 g6 15. h4
Nfe4 16. Bxc5 Bxc5 17. Qd3 h5 18. Rg1 Qe7 19. Bf3 Nxg3+ 20. Kf2 Ne4+ 21. Bxe4
Qxh4+ 22. Rg3 Bxd4+ 23. Qxd4 Rxe4 24. Qd3 Rae8 25. Kf1 Re1+ 26. Kf2 Qxf4+ 27.
Rf3 Qh2# 0-1

[Event "Challenge"]
[Site "http://www.queenalice.com/game.php?id=531893"]
[Date "2009.1.30"]
[Round "-"]
[White "Hykgs"]
[Black "general_zod"]
[Result "0-1"]
[WhiteElo "1610"]
[BlackElo "1500"]

1. e4 e5 2. Nf3 Nc6 3. Bb5 a6 4. Ba4 Bd6 5. O-O Nge7 6. d3 Ng6 7. g3 Nce7 8. c3
c6 9. d4 exd4 10. cxd4 O-O 11. Bc2 Bc7 12. Be3 d5 13. e5 f6 14. exf6 Rxf6 15.
Ne5 Nxe5 16. dxe5 Bxe5 17. f4 Bxb2 0-1

[Event "Challenge"]
[Site "http://www.queenalice.com/game.php?id=532711"]
[Date "2009.1.31"]
[Round "-"]
[White "PestinhaX"]
[Black "Hykgs"]
[Result "0-1"]
[WhiteElo "1001"]
[BlackElo "1652"]

1. h4 e5 2. g3 d5 3. e3 Nf6 4. c3 Bd6 5. d4 e4 6. Qa4+ Bd7 7. Qc2 O-O 8. Ne2 Nc6
9. Nd2 Nb4 10. Qd1 Nd3# 0-1

[Event "Challenge From Friends"]
[Site "http://www.queenalice.com/game.php?id=532714"]
[Date "2009.1.31"]
[Round "-"]
[White "Hykgs"]
[Black "ErasmudoPorto"]
[Result "1-0"]
[WhiteElo "1598"]
[BlackElo "1844"]

1. e4 e6 2. d4 d5 3. Nc3 Bb4 4. e5 c5 5. a3 cxd4 6. axb4 dxc3 7. bxc3 Ne7 8. Nf3
Nbc6 9. Bd3 O-O 10. O-O Qc7 11. Bxh7+ Kh8 12. Bd3 Nxe5 13. Nxe5 Qxe5 14. Re1
Qxe1+ 15. Qxe1 Nc6 16. f4 f5 17. b5 Nd8 18. Ba3 Rf6 19. Be7 Rh6 20. Bxd8 1-0

[Event "Challenge From Friends"]
[Site "http://www.queenalice.com/game.php?id=532716"]
[Date "2009.1.31"]
[Round "-"]
[White "ErasmudoPorto"]
[Black "Hykgs"]
[Result "1-0"]
[WhiteElo "1825"]
[BlackElo "1634"]

1. Nf3 e6 2. b3 d5 3. Bb2 Nc6 4. e3 a6 5. Be2 Bd7 6. O-O Nf6 7. c4 Bd6 8. d3 Qe7
9. Nbd2 O-O-O 10. d4 Qf8 11. c5 Be7 12. a3 Rg8 13. Bd3 Ne4 14. Nxe4 dxe4 15.
Bxe4 f5 16. Bd3 g5 17. Qe2 Nb8 18. b4 Bb5 19. Bxb5 axb5 20. Qxb5 g4 21. Ne5 h5
22. c6 b6 23. Qa4 Rd6 24. b5 Kd8 25. Qa8 Ke8 26. Qxb8+ Rd8 27. Qxc7 Bd6 28. Qxb6
Rb8 29. Qa7 1-0

[Event "Mais uma"]
[Site "http://www.queenalice.com/game.php?id=534862"]
[Date "2009.2.4"]
[Round "-"]
[White "ErasmudoPorto"]
[Black "Hykgs"]
[Result "0-1"]
[WhiteElo "1875"]
[BlackElo "1626"]

1. e4 c5 2. Bc4 e6 3. Nc3 Nc6 4. f4 Nge7 5. Nf3 g6 6. d4 d5 7. exd5 exd5 8. Bb5
Bg7 9. Be3 O-O 10. O-O Nf5 11. Bf2 cxd4 12. Ne2 Ne3 13. Qd2 Nxf1 14. Rxf1 Bd7
15. Nexd4 Nxd4 16. Nxd4 Bxb5 17. Nxb5 a6 18. Nd4 Qd7 19. c3 Rfe8 20. h3 Re4 21.
Kh1 Rae8 22. a3 Qe7 23. b4 Bxd4 24. Bxd4 Re2 25. Qd3 Qe4 26. Qg3 Re1 27. Qf2
Rxf1+ 28. Qxf1 Qe1 29. Qxe1 Rxe1+ 30. Kh2 Ra1 31. Kg3 Rxa3 32. Kf3 Ra2 33. g3
Rc2 34. g4 b6 35. Bxb6 Rxc3+ 36. Kg2 Rc4 37. Ba5 Rxf4 38. Bc7 Rxb4 39. Kf2 Re4
40. Kf3 Re6 41. Ba5 d4 42. h4 h6 43. Kf2 Re5 44. Bb6 d3 45. Be3 a5 46. Bd2 Re2+
0-1

[Event "Let's Play Chess!"]
[Site "http://www.queenalice.com/game.php?id=534924"]
[Date "2009.2.4"]
[Round "-"]
[White "Wilson"]
[Black "Hykgs"]
[Result "0-1"]
[WhiteElo "1564"]
[BlackElo "1675"]

1. c4 e5 2. e4 Nf6 3. Nc3 c5 4. Nf3 Nc6 5. Be2 Be7 6. O-O O-O 7. d3 Nd4 8. Nxe5
d6 9. Nf3 Nxf3+ 10. Bxf3 Rb8 11. Nb5 a6 12. Nc3 b6 13. a3 Bb7 14. Be3 Nd7 15. b4
Ne5 16. Be2 Bg5 17. f4 Bh6 18. Qc1 Nc6 19. Nd5 Nd4 20. Bxd4 cxd4 21. b5 axb5 22.
Nb4 bxc4 23. dxc4 Bxe4 24. Qd2 Qf6 25. Na6 Rbc8 26. Bg4 Rxc4 27. Ra2 Re8 28. Bd7
Re7 29. Bb5 Rc3 30. a4 Qg6 31. a5 bxa5 32. Rxa5 Rc2 33. Ra2 Rxd2 34. Rxd2 Qf6
35. g3 g6 36. Nb8 d3 37. Nc6 Bxc6 38. Bxd3 Qd4+ 39. Rdf2 Qxd3 40. Ra1 Qd4 41.
Kf1 Qxa1# 0-1

[Event "Let's Play Chess!"]
[Site "http://www.queenalice.com/game.php?id=535409"]
[Date "2009.2.5"]
[Round "-"]
[White "Otsuaf"]
[Black "Hykgs"]
[Result "1-0"]
[WhiteElo "1874"]
[BlackElo "1654"]

1. d4 Nf6 2. c4 g6 3. Nc3 d5 4. Nf3 Bg7 5. Bg5 Ne4 6. Bf4 Nxc3 7. bxc3 c5 8. e3
e6 9. Bd3 O-O 10. O-O Nc6 11. Rc1 cxd4 12. cxd4 b6 13. cxd5 exd5 14. Rxc6 Bb7
15. Rc7 Rb8 16. Qa4 1-0

[Event "Let's Play Chess!"]
[Site "http://www.queenalice.com/game.php?id=535989"]
[Date "2009.2.6"]
[Round "-"]
[White "CampbellMarcel"]
[Black "Hykgs"]
[Result "1-0"]
[WhiteElo "1752"]
[BlackElo "1702"]

1. e4 c5 2. Nf3 d6 3. d4 cxd4 4. Nxd4 Nf6 5. f3 e5 6. Bb5+ Nbd7 7. Nf5 d5 8. Nc3
a6 9. Ba4 g6 10. Ng3 d4 11. Bxd7+ Bxd7 12. Nce2 Bg7 13. c3 O-O 14. cxd4 exd4 15.
Nxd4 Bb5 16. Nxb5 Qxd1+ 17. Kxd1 axb5 18. Ke2 Nd7 19. Rd1 Nc5 20. Nf1 Na4 21.
Rb1 Nb6 22. a3 Nc4 23. Rd7 b6 24. Ne3 Rad8 25. Nxc4 Rxd7 26. Nxb6 Rc7 27. Nd5
Rc6 28. Ne7+ 1-0

[Event "Let's Play Chess!"]
[Site "http://www.queenalice.com/game.php?id=536034"]
[Date "2009.2.6"]
[Round "-"]
[White "celsoMartins"]
[Black "Hykgs"]
[Result "0-1"]
[WhiteElo "1619"]
[BlackElo "1657"]

1. d4 Nf6 2. c4 g6 3. Nc3 d5 4. cxd5 Nxd5 5. e4 Nxc3 6. bxc3 Bg7 7. Nf3 c5 8.
Be2 O-O 9. Qb3 cxd4 10. cxd4 b6 11. Bb2 Bg4 12. e5 Nc6 13. d5 Na5 14. Qb5 Qb8
15. O-O Bxf3 16. Bxf3 Bxe5 17. Bxe5 Qxe5 18. Rfe1 Qd6 19. Rac1 Rac8 20. Qd3 Rc5
21. Qe4 Rfc8 22. Rxc5 Qxc5 23. g3 Rc7 24. Qf4 Nb7 25. Qh6 Qc3 26. Qe3 Qxe3 27.
Rxe3 Nd6 28. Kf1 Kf8 29. Ke2 Rc2+ 30. Ke1 Rxa2 0-1

[Event "Let's Play Chess!"]
[Site "http://www.queenalice.com/game.php?id=536866"]
[Date "2009.2.8"]
[Round "-"]
[White "chyco"]
[Black "Hykgs"]
[Result "0-1"]
[WhiteElo "1485"]
[BlackElo "1688"]

1. e4 c5 2. Bc4 e6 3. Qf3 Nc6 4. c3 Nf6 5. Nh3 Ne5 6. Qf4 Nxc4 7. e5 Nxe5 8. O-O
Nc6 9. c4 Be7 10. Nc3 O-O 11. d3 d5 12. Qg3 a6 13. Bh6 g6 14. Nf4 Bd6 15. Rae1
Nh5 16. Qe3 Nxf4 17. Bxf4 Bxf4 18. Qxf4 Nd4 19. Qh6 Re8 20. Re3 Nf5 21. Qf4 Nxe3
22. fxe3 Re7 23. Qh6 dxc4 24. Rf3 cxd3 25. Rh3 f6 26. Rh4 e5 27. Ne4 Qb6 28. b3
Bf5 29. Nxf6+ Qxf6 30. e4 Be6 31. h3 Rd8 32. Rh5 d2 33. g4 d1=Q+ 34. Kg2 Qff3+
35. Kh2 Qdh1# 0-1

[Event "Challenge"]
[Site "http://www.queenalice.com/game.php?id=537076"]
[Date "2009.2.8"]
[Round "-"]
[White "susu"]
[Black "Hykgs"]
[Result "1/2-1/2"]
[WhiteElo "1088"]
[BlackElo "1652"]

1. e4 c5 2. Nf3 d6 3. d4 cxd4 4. Nxd4 Nf6 5. Nc3 g6 6. Be3 Nc6 7. Bb5 Bg7 8.
Nxc6 bxc6 9. Bxc6+ Bd7 10. Bxa8 Qxa8 11. O-O O-O 12. Qd2 Nxe4 13. Nxe4 Qxe4 14.
c3 Bc6 15. f3 Qf5 16. Rfe1 e5 17. Bh6 Bxh6 18. Qxh6 Rb8 19. b3 Qc2 20. c4 e4 21.
Qe3 exf3 22. gxf3 h6 23. Qxa7 Bxf3 24. Qf2 Qf5 25. Rf1 Qg5+ 26. Qg3 Qc5+ 27. Qf2
Qg5+ 28. Qg3 Qc5+ 29. Rf2 Bh5 30. Rf1 Re8 1/2-1/2

[Event "Challenge"]
[Site "http://www.queenalice.com/game.php?id=537077"]
[Date "2009.2.8"]
[Round "-"]
[White "Hykgs"]
[Black "susu"]
[Result "1/2-1/2"]
[WhiteElo "1652"]
[BlackElo "1088"]

1. e4 e5 2. Nf3 Nc6 3. d3 d6 4. g3 Bg4 5. h3 Bh5 6. Bg2 Nf6 7. O-O Be7 8. Nc3
Nd4 9. Be3 O-O 10. Bxd4 exd4 11. Ne2 Qd7 12. Nexd4 c5 13. Nf5 Bd8 14. Qd2 g6 15.
Ne3 Bxf3 16. Bxf3 Qxh3 17. Bg2 Qd7 18. Kh2 d5 19. exd5 Bb6 20. c4 Rae8 21. Bh3
Qc7 22. a3 Re5 23. Rae1 Nh5 24. Rg1 f5 25. f4 Re7 26. Re2 1/2-1/2

[Event "desempate"]
[Site "http://www.queenalice.com/game.php?id=537099"]
[Date "2009.2.8"]
[Round "-"]
[White "susu"]
[Black "Hykgs"]
[Result "0-1"]
[WhiteElo "1088"]
[BlackElo "1671"]

1. d4 Nf6 2. c4 g6 3. Nc3 d5 4. Nf3 Bg7 5. e3 c6 6. Be2 O-O 7. O-O Bg4 8. Bd2
Nbd7 9. c5 Bxf3 10. Bxf3 e5 11. Ne2 exd4 12. exd4 Re8 13. Bg5 h6 14. Bh4 b6 15.
b4 bxc5 16. bxc5 Qa5 17. Nf4 Ne4 18. Nd3 Rab8 19. Qc2 Bxd4 20. Rfe1 Bxa1 21. Nf4
Qxe1# 0-1

[Event "desempate"]
[Site "http://www.queenalice.com/game.php?id=537100"]
[Date "2009.2.8"]
[Round "-"]
[White "Hykgs"]
[Black "susu"]
[Result "1-0"]
[WhiteElo "1673"]
[BlackElo "1088"]

1. e4 e5 2. d3 Nc6 3. g3 d6 4. Bg2 Be7 5. Nf3 Nf6 6. Bg5 O-O 7. Bxf6 Bxf6 8. O-O
Be6 9. Nc3 Ne7 10. a3 c6 11. b4 d5 12. exd5 cxd5 13. Ne2 Qd7 14. Nd2 Bh3 15.
Bxh3 Qxh3 16. c3 Nf5 17. Nf3 d4 18. cxd4 exd4 19. Nf4 Qg4 20. Re1 Nh4 21. Nxh4
Bxh4 22. Qxg4 Bf6 23. Nh5 Kh8 24. Nxf6 1-0

[Event "Challenge"]
[Site "http://www.queenalice.com/game.php?id=538143"]
[Date "2009.2.10"]
[Round "-"]
[White "Hykgs"]
[Black "celsoMartins"]
[Result "0-1"]
[WhiteElo "1698"]
[BlackElo "1605"]

1. d4 Nf6 2. c4 g6 3. Nc3 Bg7 4. e4 d6 5. f4 Nbd7 6. Nf3 O-O 7. Bd3 a6 8. a4 Nh5
9. O-O c5 10. d5 Qb6 11. Qd2 Qb4 12. Re1 Bh6 0-1

[Event "Intermediate level!"]
[Site "http://www.queenalice.com/game.php?id=538955"]
[Date "2009.2.12"]
[Round "-"]
[White "Aleqza"]
[Black "Hykgs"]
[Result "0-1"]
[WhiteElo "1674"]
[BlackElo "1687"]

1. d4 Nf6 2. Nc3 g6 3. Bf4 a6 4. e4 d6 5. e5 dxe5 6. Bxe5 Bg7 7. g3 O-O 8. Bg2
Nbd7 9. Nd5 Nxe5 10. dxe5 Nxd5 11. Bxd5 c6 12. Bg2 Bxe5 13. Qxd8 Rxd8 14. Rb1
Be6 15. Rd1 Rxd1+ 16. Kxd1 Bxb2 17. Nf3 Rd8+ 18. Ke2 Bc4+ 19. Ke3 Bg7 20. Bf1
Bxa2 21. Bh3 e6 22. Rc1 Bc4 23. Nd2 Bb5 24. Nb3 Bc3 25. Nc5 Bd4+ 0-1

[Event "Let's Play Chess!"]
[Site "http://www.queenalice.com/game.php?id=540652"]
[Date "2009.2.15"]
[Round "-"]
[White "allbishop"]
[Black "Hykgs"]
[Result "1-0"]
[WhiteElo "1100"]
[BlackElo "1688"]

1. e4 c5 2. Nf3 d6 3. d4 cxd4 4. Nxd4 Nf6 5. Nc3 g6 6. f4 Nbd7 7. Bb5 a6 8. e5
dxe5 9. Bxd7+ Nxd7 10. fxe5 Nxe5 11. O-O Bg7 12. Be3 O-O 13. Qe2 Nc4 14. Qxc4
1-0